African Countries with the Most White Africans - Statistics

General Stats
  • This quiz has been taken 50 times
  • The average score is 8 of 10
Answer Stats
# White Africans Country % Correct
4,504,000 South Africa
100%
154,000 Namibia
94%
100,000 Morocco
86%
67,000 Kenya
82%
82,000 Mozambique
82%
100,000 Tunisia
82%
63,800 Botswana
80%
200,000 Angola
76%
120,000 Madagascar
57%
50,000 Senegal
57%
No matching quizzes found
Score Distribution
Percent of People with Each Score
Percentile by Number Answered
Your Score History
You have not taken this quiz